[Event "Sachsen-Anhalt Landesliga-A 1920"]
[Site "Sachsen Anhalt"]
[Date "2020.10.18"]
[Round "9.2"]
[White "Seibicke, Ralf"]
[Black "Woost, Thomas"]
[Result "1-0"]
[WhiteElo "2078"]
[BlackElo "1796"]
[PlyCount "57"]
[EventDate "2019.09.29"]
[EventType "team-tourn"]
[EventRounds "9"]
[EventCountry "GER"]
[SourceTitle "EXT 2023"]
[Source "ChessBase"]
[SourceDate "2022.10.05"]
[SourceVersion "1"]
[SourceVersionDate "2022.10.05"]
[SourceQuality "1"]
[WhiteTeam "Magdeburg Rochade II"]
[BlackTeam "Tangerhuette Eintracht"]
[WhiteTeamCountry "GER"]
[BlackTeamCountry "GER"]

1. Nf3 c5 2. g3 Nc6 3. d4 e6 4. Bg2 Nf6 5. 0-0 d5 6. c4 cxd4 7. Nxd4 Bc5 8. Nb3 Be7 9. Nc3 dxc4 10. Nd2 0-0 11. Nxc4 a6 12. Bf4 Nb4 13. Qxd8 Rxd8 14. Nb6 Ra7 15. Bb8 Ra8 16. Nxa8 Bd7 17. Be5 Rxa8 18. Bxb7 Ra7 19. Bf3 Nc6 20. Bf4 e5 21. Be3 Rb7 22. b3 Rc7 23. Nd5 Nxd5 24. Bxd5 Nb4 25. Bc4 Bh3 26. Rfc1 Bf6 27. a3 Nc6 28. Bxa6 e4 29. Rab1 1-0

[Event "Sachsen-Anhalt Landesliga A 18/19"]
[Site "Sachsen Anhalt"]
[Date "2018.11.11"]
[Round "3.1"]
[White "Wiesemann, Gerd"]
[Black "Seibicke, Ralf"]
[Result "1/2-1/2"]
[WhiteElo "1960"]
[BlackElo "2122"]
[PlyCount "108"]
[EventDate "2018.09.23"]
[EventType "team-tourn"]
[EventRounds "9"]
[EventCountry "GER"]
[SourceTitle "EXT 2022"]
[Source "ChessBase"]
[SourceDate "2021.10.06"]
[SourceVersion "1"]
[SourceVersionDate "2021.10.06"]
[SourceQuality "1"]
[WhiteTeam "Tangerhuette Eintracht"]
[BlackTeam "Magdeburg Rochade II"]
[WhiteTeamCountry "GER"]
[BlackTeamCountry "GER"]

1. d4 Nf6 2. Nf3 g6 3. Bf4 Bg7 4. e3 0-0 5. Nbd2 d6 6. Bc4 Nbd7 7. 0-0 Qe8 8. h3 e5 9. dxe5 dxe5 10. Bg3 e4 11. Nd4 Ne5 12. Bb3 c5 13. Ne2 b6 14. Nc4 Nxc4 15. Bxc4 Bb7 16. a3 Nh5 17. c3 Nxg3 18. Nxg3 h5 19. Qc2 h4 20. Ne2 Qe5 21. Rfd1 Rad8 22. Rd2 Bf6 23. Rad1 Rxd2 24. Qxd2 Rd8 25. Qc2 Bc6 26. Nf4 Kg7 27. Rd2 Be7 28. Qd1 Rxd2 29. Qxd2 Bd6 30. g3 g5 31. Ne2 Bc7 32. Kh2 Qf5 33. Ng1 g4 34. hxg4 Qxg4 35. Qe1 Bd7 36. Bf1 hxg3+ 37. fxg3 Qh5+ 38. Bh3 Bxh3 39. Nxh3 Qf3 40. Qf2 Qxf2+ 41. Nxf2 f5 42. Nh3 Kf6 43. c4 Be5 44. b3 Bb2 45. a4 Bc1 46. Nf4 Ke5 47. Nd5 Bxe3 48. Nxe3 f4 49. Nd5 fxg3+ 50. Kxg3 Kd4 51. Kf4 Kd3 52. Ke5 Kc2 53. Kxe4 Kxb3 54. Kd3 Kxa4 1/2-1/2

[Event "Sachsen-Anhalt Landesliga A 18/19"]
[Site "Sachsen Anhalt"]
[Date "2018.10.21"]
[Round "2.1"]
[White "Schumacher, Maik"]
[Black "Seibicke, Ralf"]
[Result "0-1"]
[WhiteElo "1829"]
[BlackElo "2117"]
[PlyCount "76"]
[EventDate "2018.09.23"]
[EventType "team-tourn"]
[EventRounds "9"]
[EventCountry "GER"]
[SourceTitle "EXT 2022"]
[Source "ChessBase"]
[SourceDate "2021.10.06"]
[SourceVersion "1"]
[SourceVersionDate "2021.10.06"]
[SourceQuality "1"]
[WhiteTeam "Gardelegen"]
[BlackTeam "Magdeburg Rochade II"]
[WhiteTeamCountry "GER"]
[BlackTeamCountry "GER"]

1. d4 Nf6 2. Bf4 g6 3. Nc3 d5 4. e3 Bg7 5. h4 h5 6. Nf3 c5 7. Nb5 Na6 8. c3 Qb6 9. a4 Bg4 10. Be2 0-0 11. Ne5 Bxe2 12. Qxe2 c4 13. 0-0 Nb8 14. Rab1 Nc6 15. b3 a6 16. Nxc6 Qxc6 17. Na3 b5 18. b4 bxa4 19. f3 Ne8 20. e4 e6 21. Nc2 Nd6 22. Bxd6 Qxd6 23. Ra1 Qd7 24. Ra2 a5 25. bxa5 Rxa5 26. Rb1 Rfa8 27. Na3 Bf8 28. Rb6 Bxa3 29. Rxa3 Qe7 30. Qb2 Qxh4 31. Rb8+ Kg7 32. e5 Qe1+ 33. Kh2 h4 34. Rxa8 Rxa8 35. Ra2 Qg3+ 36. Kg1 h3 37. Qf2 Qxf2+ 38. Rxf2 Rb8 0-1

[Event "GER-chT Laender Seniors 50+"]
[Site "Templin"]
[Date "2018.09.14"]
[Round "5.2"]
[White "Seibicke, Ralf"]
[Black "Schroeder, Christoph"]
[Result "1/2-1/2"]
[WhiteElo "2117"]
[BlackElo "2169"]
[PlyCount "41"]
[EventDate "2018.09.10"]
[EventType "team-tourn"]
[EventRounds "7"]
[EventCountry "GER"]
[SourceTitle "EXT 2020"]
[Source "ChessBase"]
[SourceDate "2019.10.17"]
[SourceVersion "1"]
[SourceVersionDate "2019.10.17"]
[SourceQuality "1"]
[WhiteTeam "Sachsen Anhalt"]
[BlackTeam "Hamburg"]
[WhiteTeamCountry "GER"]
[BlackTeamCountry "GER"]

1. d4 d5 2. Nf3 e6 3. g3 Nf6 4. Bg2 Be7 5. 0-0 0-0 6. c4 dxc4 7. Qa4 a6 8. Qxc4 b5 9. Qd3 Bb7 10. Nbd2 c5 11. dxc5 Qxd3 12. exd3 Bxc5 13. Nb3 Bb6 14. Be3 Nbd7 15. Rac1 Rfc8 16. Bxb6 Nxb6 17. Na5 Bd5 18. Ne5 Rxc1 19. Rxc1 Rc8 20. Rxc8+ Nxc8 21. Bxd5 1/2-1/2

[Event "GER-chT Laender Seniors 50+"]
[Site "Templin"]
[Date "2018.09.13"]
[Round "4.1"]
[White "Seibicke, Ralf"]
[Black "Beyer, Christian"]
[Result "1/2-1/2"]
[WhiteElo "2117"]
[BlackElo "2262"]
[PlyCount "45"]
[EventDate "2018.09.10"]
[EventType "team-tourn"]
[EventRounds "7"]
[EventCountry "GER"]
[SourceTitle "EXT 2020"]
[Source "ChessBase"]
[SourceDate "2019.10.17"]
[SourceVersion "1"]
[SourceVersionDate "2019.10.17"]
[SourceQuality "1"]
[WhiteTeam "Sachsen Anhalt"]
[BlackTeam "Wuerttemberg"]
[WhiteTeamCountry "GER"]
[BlackTeamCountry "GER"]

1. d4 d5 2. Nf3 e6 3. g3 c5 4. Bg2 Nf6 5. 0-0 Nc6 6. c4 Be7 7. Nc3 0-0 8. cxd5 exd5 9. dxc5 Bxc5 10. Bg5 d4 11. Ne4 Be7 12. Nxf6+ Bxf6 13. Bxf6 Qxf6 14. Ne1 Bg4 15. Nd3 Rad8 16. Rc1 Rfe8 17. Re1 Qe7 18. Qd2 Ne5 19. Nxe5 Qxe5 20. Bxb7 Qb5 21. Bf3 Bxf3 22. exf3 Rxe1+ 23. Rxe1 1/2-1/2

[Event "Sachsen-Anhalt Verbandsliga 2017/18"]
[Site "Sachsen Anhalt"]
[Date "2017.11.12"]
[Round "2.6"]
[White "Haentsch, Ralf"]
[Black "Seibicke, Ralf"]
[Result "0-1"]
[WhiteElo "2085"]
[BlackElo "2144"]
[PlyCount "58"]
[EventDate "2017.12.22"]
[EventType "team-tourn"]
[EventRounds "9"]
[EventCountry "GER"]
[SourceTitle "EXT 2020"]
[Source "ChessBase"]
[SourceDate "2019.10.17"]
[SourceVersion "1"]
[SourceVersionDate "2019.10.17"]
[SourceQuality "1"]
[WhiteTeam "Coethen Germania"]
[BlackTeam "Magdeburg Rochade"]
[WhiteTeamCountry "GER"]
[BlackTeamCountry "GER"]

1. e4 c6 2. d4 d5 3. exd5 cxd5 4. Bd3 Nf6 5. Bf4 Nc6 6. c3 Bg4 7. Qb3 Na5 8. Qa4+ Bd7 9. Qc2 Rc8 10. Nf3 Qb6 11. Nbd2 Bb5 12. Rb1 Qa6 13. Bxb5+ Qxb5 14. a4 Qa6 15. b4 Nc4 16. Nxc4 Qxc4 17. Bd2 Ne4 18. Rc1 f6 19. Nh4 e6 20. f3 Nxd2 21. Kxd2 Bxb4 22. cxb4 Qxb4+ 23. Kd3 Rxc2 24. Rxc2 0-0 25. g4 g5 26. Ng2 e5 27. Ne3 Qxd4+ 28. Ke2 e4 29. fxe4 Qxe4 0-1

[Event "Oberliga Ost-A 1415"]
[Site "Germany"]
[Date "2014.09.21"]
[Round "1.7"]
[White "Rothe, Guido"]
[Black "Seibicke, Ralf"]
[Result "1-0"]
[WhiteElo "2174"]
[BlackElo "2125"]
[PlyCount "85"]
[EventDate "2014.09.21"]
[EventType "team-tourn"]
[EventRounds "11"]
[EventCountry "GER"]
[SourceTitle "EXT 2016"]
[Source "ChessBase"]
[SourceDate "2015.10.08"]
[SourceVersion "1"]
[SourceVersionDate "2015.10.08"]
[SourceQuality "1"]
[WhiteTeam "Magdeburg Aufbau Elbe"]
[BlackTeam "Magdeburg Rochade"]
[WhiteTeamCountry "GER"]
[BlackTeamCountry "GER"]

1. c4 Nf6 2. Nc3 g6 3. e4 d6 4. d4 Bg7 5. f3 0-0 6. Be3 b6 7. Bd3 Na6 8. Nge2 c5 9. 0-0 Bd7 10. Rc1 Rb8 11. Qd2 Nb4 12. Rfd1 Nc6 13. Bc2 e5 14. dxe5 dxe5 15. Bg5 Be6 16. Nd5 Nd4 17. Nxd4 cxd4 18. Bd3 Rc8 19. b4 b5 20. Bxf6 Bxf6 21. Nxf6+ Qxf6 22. cxb5 Qe7 23. Rc6 Bd7 24. Ra6 Rc7 25. b6 axb6 26. Rxb6 Rfc8 27. Ra6 Rc3 28. Ra7 Qe8 29. Qb2 Ba4 30. Rd2 Rc1+ 31. Kf2 Qd8 32. g3 Qg5 33. Re2 Bd1 34. h4 Bxe2 35. hxg5 Bxd3 36. Ra8 Rxa8 37. Qxc1 Rxa2+ 38. Kg1 Bc2 39. b5 d3 40. b6 Ra8 41. Kf2 Kg7 42. Ke3 Rd8 43. b7 1-0

[Event "Oberliga Ost-A 1213"]
[Site "Germany"]
[Date "2013.02.24"]
[Round "8.4"]
[White "Seibicke, Ralf"]
[Black "Schultz, Andreas"]
[Result "1/2-1/2"]
[WhiteElo "2166"]
[BlackElo "2237"]
[PlyCount "132"]
[EventDate "2012.10.14"]
[EventType "team-tourn"]
[EventRounds "11"]
[EventCountry "GER"]
[SourceTitle "EXT 2014"]
[Source "ChessBase"]
[SourceDate "2013.11.20"]
[SourceVersion "1"]
[SourceVersionDate "2013.11.20"]
[SourceQuality "1"]
[WhiteTeam "Magdeburg Rochade"]
[BlackTeam "Leipzig SG II"]
[WhiteTeamCountry "GER"]
[BlackTeamCountry "GER"]

1. d4 Nf6 2. c4 g6 3. Nc3 Bg7 4. e4 d6 5. Nf3 0-0 6. g3 e5 7. Bg2 Nbd7 8. 0-0 c6 9. h3 Qa5 10. Re1 exd4 11. Nxd4 Ne5 12. Bf1 Re8 13. Nc2 Be6 14. b4 Qb6 15. Be3 Qc7 16. Na3 a6 17. Rc1 Qe7 18. f4 Ned7 19. Bf2 Qf8 20. Qf3 h5 21. Nc2 b5 22. cxb5 axb5 23. a3 Rec8 24. Nb1 Ba2 25. Nd2 d5 26. e5 Ne8 27. Nb3 Nc7 28. Nc5 Nxc5 29. Bxc5 Qe8 30. Nd4 Ne6 31. Nxe6 fxe6 32. h4 Bf8 33. Bxf8 Kxf8 34. Qe3 Bc4 35. Bh3 Kf7 36. Rc3 Qe7 37. Qb6 Qa7 38. Qxa7+ Rxa7 39. Kf2 Rca8 40. Ra1 Ra4 41. Ke3 Rxb4 42. axb4 Rxa1 43. Kd4 Ke7 44. g4 hxg4 45. Bxg4 Ra8 46. Rc2 Kd7 47. h5 gxh5 48. Bxh5 Rh8 49. Bg6 Rh4 50. Rf2 Rg4 51. Bc2 Kc7 52. Kc5 Kb7 53. f5 exf5 54. Bxf5 Rg7 55. Be6 Kc7 56. Rf8 d4 57. Bxc4 bxc4 58. Kxd4 c3 59. Kxc3 Rg4 60. Rf7+ Kd8 61. Rf6 Kc7 62. Rh6 Re4 63. e6 Kd6 64. e7+ Kd7 65. e8Q+ Rxe8 66. Kd4 Kc7 1/2-1/2

[Event "Oberliga Ost-A 1213"]
[Site "Germany"]
[Date "2012.12.09"]
[Round "4.5"]
[White "Seibicke, Ralf"]
[Black "Schnoor, Ekkehard"]
[Result "0-1"]
[WhiteElo "2166"]
[BlackElo "2001"]
[PlyCount "102"]
[EventDate "2012.10.14"]
[EventType "team-tourn"]
[EventRounds "11"]
[EventCountry "GER"]
[SourceTitle "EXT 2014"]
[Source "ChessBase"]
[SourceDate "2013.11.20"]
[SourceVersion "1"]
[SourceVersionDate "2013.11.20"]
[SourceQuality "1"]
[WhiteTeam "Magdeburg Rochade"]
[BlackTeam "Dresden Gruen Weiss"]
[WhiteTeamCountry "GER"]
[BlackTeamCountry "GER"]

1. Nf3 Nf6 2. g3 g6 3. Bg2 Bg7 4. 0-0 0-0 5. c4 d6 6. d4 Nc6 7. Nc3 a6 8. h3 Bd7 9. Be3 Rb8 10. a3 b5 11. cxb5 axb5 12. b4 e6 13. Qd2 Ne7 14. Bg5 Bc6 15. Rfe1 Nd7 16. e4 Nb6 17. Qc1 Qd7 18. e5 Ned5 19. Ne4 f5 20. exf6 Nxf6 21. Nxf6+ Bxf6 22. Bxf6 Rxf6 23. Ne5 dxe5 24. dxe5 Bxg2 25. exf6 Bd5 26. Qf4 Rf8 27. g4 Nc4 28. g5 e5 29. Qg3 Qf5 30. Rad1 c6 31. h4 Ra8 32. Rd3 Rc8 33. Red1 e4 34. Rc3 Qe6 35. Qf4 Ne5 36. Kh2 Nf3+ 37. Kg3 Ne5 38. Rd4 Nd3 39. f7+ Kf8 40. Rdxd3 exd3 41. Rxd3 Qxf7 42. Qe5 Qc7 43. Kf4 Qxe5+ 44. Kxe5 Re8+ 45. Kd6 Re4 46. Rf3+ Kg7 47. Rh3 Rf4 48. h5 gxh5 49. Rxh5 Rxf2 50. a4 bxa4 51. Rh3 Rb2 0-1

[Event "Oberliga Ost-A 1112"]
[Site "Germany"]
[Date "2012.02.26"]
[Round "8.5"]
[White "Lieder, Konrad"]
[Black "Seibicke, Ralf"]
[Result "0-1"]
[WhiteElo "2188"]
[BlackElo "2153"]
[PlyCount "110"]
[EventDate "2011.09.25"]
[EventType "team-tourn"]
[EventRounds "11"]
[EventCountry "GER"]
[SourceTitle "EXT 2013"]
[Source "ChessBase"]
[SourceDate "2012.11.22"]
[SourceVersion "1"]
[SourceVersionDate "2012.11.22"]
[SourceQuality "1"]
[WhiteTeam "Sangerhausen"]
[BlackTeam "Magdeburg Rochade"]
[WhiteTeamCountry "GER"]
[BlackTeamCountry "GER"]

1. d4 Nf6 2. g3 g6 3. Bg2 Bg7 4. Nf3 0-0 5. 0-0 d6 6. b3 Nbd7 7. Bb2 Re8 8. Nbd2 e5 9. dxe5 dxe5 10. Nc4 e4 11. Nfe5 Qe7 12. Nxd7 Bxd7 13. Rb1 Rad8 14. Qe1 Nd5 15. Bxg7 Kxg7 16. Ne3 Bc6 17. c4 Nxe3 18. Qc3+ Qf6 19. Qxf6+ Kxf6 20. fxe3+ Ke6 21. Rbd1 Rxd1 22. Rxd1 f5 23. Kf2 Ke5 24. Rd4 g5 25. b4 a6 26. Ke1 h5 27. a3 Rh8 28. Kf2 h4 29. Rd1 b6 30. gxh4 Rxh4 31. h3 Rh8 32. Kg3 f4+ 33. Kf2 Rg8 34. c5 bxc5 35. Rc1 Bd5 36. Rxc5 c6 37. Ra5 Ra8 38. a4 Rb8 39. exf4+ gxf4 40. b5 axb5 41. axb5 cxb5 42. e3 Bc4 43. h4 Rg8 44. Ra3 Bd3 45. exf4+ Kxf4 46. h5 Rh8 47. Rb3 Rxh5 48. Rb4 Bc4 49. Bf1 Bxf1 50. Kxf1 Kf3 51. Kg1 e3 52. Rb2 Rg5+ 53. Kf1 Rc5 54. Rb1 b4 55. Ke1 Rh5 0-1

[Event "Oberliga Ost-A 0910"]
[Site "Germany"]
[Date "2010.01.24"]
[Round "7.6"]
[White "Mertens, Pauline"]
[Black "Seibicke, Ralf"]
[Result "0-1"]
[WhiteElo "2017"]
[BlackElo "2158"]
[PlyCount "70"]
[EventDate "2009.10.18"]
[EventType "team-tourn"]
[EventRounds "11"]
[EventCountry "GER"]
[SourceTitle "EXT 2011"]
[Source "ChessBase"]
[SourceDate "2010.11.26"]
[SourceVersion "1"]
[SourceVersionDate "2010.11.26"]
[SourceQuality "1"]
[WhiteTeam "Loeberitz"]
[BlackTeam "Magdeburg Rochade"]
[WhiteTeamCountry "GER"]
[BlackTeamCountry "GER"]

1. e4 c6 2. d4 d5 3. exd5 cxd5 4. c4 Nf6 5. Nc3 g6 6. Nf3 Bg7 7. Qb3 0-0 8. Be3 dxc4 9. Bxc4 Nc6 10. Ne5 Nxe5 11. dxe5 Ng4 12. e6 fxe6 13. Bxe6+ Kh8 14. Bxg4 Bxg4 15. h3 Bd7 16. 0-0 Bc6 17. Rfd1 Qa5 18. Qe6 Qb4 19. Rd2 Rf6 20. Qb3 Qh4 21. Rad1 Rff8 22. Bc5 Bxg2 23. Kxg2 Qg5+ 24. Kh1 Qxc5 25. Qxb7 Rab8 26. Qg2 Bxc3 27. bxc3 Qxc3 28. Kg1 Rb2 29. Qd5 Rxd2 30. Rxd2 Kg7 31. Re2 Rf5 32. Qe4 e5 33. Qb7+ Kh6 34. Qxa7 Qc1+ 35. Kh2 Rg5 0-1

[Event "Oberliga Ost-A 0910"]
[Site "Germany"]
[Date "2009.11.14"]
[Round "2.5"]
[White "Seibicke, Ralf"]
[Black "Guenther, Christian1111"]
[Result "1/2-1/2"]
[WhiteElo "2158"]
[BlackElo "2117"]
[PlyCount "45"]
[EventDate "2009.10.18"]
[EventType "team-tourn"]
[EventRounds "11"]
[EventCountry "GER"]
[SourceTitle "EXT 2011"]
[Source "ChessBase"]
[SourceDate "2010.11.26"]
[SourceVersion "1"]
[SourceVersionDate "2010.11.26"]
[SourceQuality "1"]
[WhiteTeam "Magdeburg Rochade"]
[BlackTeam "Sangerhausen"]
[WhiteTeamCountry "GER"]
[BlackTeamCountry "GER"]

1. Nf3 d5 2. g3 Nf6 3. Bg2 c5 4. 0-0 Nc6 5. d4 e6 6. c4 Be7 7. Nc3 0-0 8. cxd5 Nxd5 9. Nxd5 exd5 10. dxc5 Bxc5 11. Qc2 Be7 12. Rd1 Be6 13. Be3 Rc8 14. Qd2 Bf6 15. Bd4 Nxd4 16. Nxd4 Qb6 17. e3 Rc7 18. Rab1 Rfc8 19. Bf3 a6 20. Kg2 Rc4 21. b3 Rc3 22. h4 Qd6 23. Rbc1 1/2-1/2

[Event "Oberliga Ost-A 0809"]
[Site "Germany"]
[Date "2009.01.18"]
[Round "5.6"]
[White "Windelband, Jens"]
[Black "Seibicke, Ralf"]
[Result "1/2-1/2"]
[WhiteElo "2189"]
[BlackElo "2178"]
[PlyCount "23"]
[EventDate "2008.10.12"]
[EventType "team-tourn"]
[EventRounds "11"]
[EventCountry "GER"]
[SourceTitle "EXT 2010"]
[Source "ChessBase"]
[SourceDate "2010.11.25"]
[SourceVersion "1"]
[SourceVersionDate "2010.11.25"]
[SourceQuality "1"]
[WhiteTeam "Magdeburg Aufbau Elbe"]
[BlackTeam "Magdeburg Rochade"]
[WhiteTeamCountry "GER"]
[BlackTeamCountry "GER"]

1. e4 d5 2. exd5 Qxd5 3. Nc3 Qa5 4. d4 Nf6 5. Bc4 Nc6 6. Bd2 Nxd4 7. Nb5 Qb6 8. Be3 Qa5+ 9. Bd2 Qb6 10. Be3 Qa5+ 11. Bd2 Qb6 12. Be3 1/2-1/2

[Event "Oberliga Ost-A 0809"]
[Site "Germany"]
[Date "2008.12.14"]
[Round "4.5"]
[White "Beltz, Franziska"]
[Black "Seibicke, Ralf"]
[Result "1-0"]
[WhiteElo "2109"]
[BlackElo "2178"]
[PlyCount "97"]
[EventDate "2008.10.12"]
[EventType "team-tourn"]
[EventRounds "11"]
[EventCountry "GER"]
[SourceTitle "EXT 2010"]
[Source "ChessBase"]
[SourceDate "2010.11.25"]
[SourceVersion "1"]
[SourceVersionDate "2010.11.25"]
[SourceQuality "1"]
[WhiteTeam "Leipzig Gohlis II"]
[BlackTeam "Magdeburg Rochade"]
[WhiteTeamCountry "GER"]
[BlackTeamCountry "GER"]

1. e4 c6 2. d4 d5 3. exd5 cxd5 4. c4 Nf6 5. Nc3 e6 6. Nf3 Be7 7. cxd5 Nxd5 8. Bd3 Nc6 9. 0-0 0-0 10. Re1 a6 11. Be4 Bf6 12. Bxd5 exd5 13. Ne5 Be6 14. Nxc6 bxc6 15. Na4 Qa5 16. Bf4 Rfe8 17. Rc1 Bf5 18. Be3 Ra7 19. Rc5 Qc7 20. a3 Be7 21. Rc3 Rb7 22. Bc1 Qc8 23. Qe2 Rb8 24. Re3 Be6 25. Qh5 Bf6 26. Qd1 Be7 27. Qc2 Bd6 28. h3 h6 29. Bd2 Qb7 30. Ba5 Rf8 31. Bb6 Rfd8 32. Bxd8 Rxd8 33. b4 Qc8 34. Nc5 Bf5 35. Qc3 Bf4 36. Re7 Bg5 37. Ra7 a5 38. Rxa5 Re8 39. Ra7 Qd8 40. Rb7 Rxe1+ 41. Qxe1 Bf6 42. Qe3 g5 43. a4 g4 44. hxg4 Bc8 45. Rb8 Kg7 46. Ra8 Qc7 47. Qe8 Bxd4 48. Rxc8 Bxf2+ 49. Kf1 1-0

[Event "Oberliga Ost-A 0809"]
[Site "Germany"]
[Date "2008.10.12"]
[Round "1.6"]
[White "Bores, Roman"]
[Black "Seibicke, Ralf"]
[Result "1/2-1/2"]
[WhiteElo "2206"]
[BlackElo "2178"]
[PlyCount "47"]
[EventDate "2008.10.12"]
[EventType "team-tourn"]
[EventRounds "11"]
[EventCountry "GER"]
[SourceTitle "EXT 2010"]
[Source "ChessBase"]
[SourceDate "2010.11.25"]
[SourceVersion "1"]
[SourceVersionDate "2010.11.25"]
[SourceQuality "1"]
[WhiteTeam "Ebersbach"]
[BlackTeam "Magdeburg Rochade"]
[WhiteTeamCountry "GER"]
[BlackTeamCountry "GER"]

1. e4 c6 2. d4 d5 3. Nc3 dxe4 4. Nxe4 Nd7 5. Ng5 Ndf6 6. Bd3 Bg4 7. N1f3 Bh5 8. Be3 e6 9. 0-0 Bd6 10. c4 h6 11. Ne4 Nxe4 12. Bxe4 f5 13. Bd3 Nf6 14. c5 Bxf3 15. Qxf3 Bc7 16. Bf4 Bxf4 17. Qxf4 Nd5 18. Qe5 Qf6 19. Rae1 Qxe5 20. Rxe5 Kf7 21. Rfe1 Rhe8 22. Bc4 Rad8 23. f4 g6 24. Bxd5 1/2-1/2

[Event "Oberliga Ost-A 0708"]
[Site "Germany"]
[Date "2008.04.06"]
[Round "9.6"]
[White "Seibicke, Ralf"]
[Black "Hentzgen, Thomas"]
[Result "1-0"]
[WhiteElo "2143"]
[BlackElo "2061"]
[PlyCount "99"]
[EventDate "2007.09.23"]
[EventType "team-tourn"]
[EventRounds "11"]
[EventCountry "GER"]
[SourceTitle "EXT 2009"]
[Source "ChessBase"]
[SourceDate "2008.11.26"]
[SourceVersion "1"]
[SourceVersionDate "2008.11.26"]
[SourceQuality "1"]
[WhiteTeam "Magdeburg Rochade"]
[BlackTeam "Halle USV II"]
[WhiteTeamCountry "GER"]
[BlackTeamCountry "GER"]

1. Nf3 Nf6 2. g3 d5 3. Bg2 e6 4. 0-0 Be7 5. d3 0-0 6. Nbd2 d4 7. Nb3 c5 8. e4 dxe3 9. Bxe3 Qc7 10. Bf4 Bd6 11. Bxd6 Qxd6 12. d4 c4 13. Nbd2 Qc7 14. c3 Nbd7 15. Qe2 b5 16. a4 Ba6 17. Ne5 Nd5 18. Rfe1 Rab8 19. Nxf7 Rxf7 20. Qxe6 Ne7 21. Qxa6 Rb6 22. Qa5 Nc6 23. Bxc6 Qxc6 24. Qb4 a6 25. axb5 axb5 26. Re8+ Rf8 27. Rae1 Qf6 28. Rxf8+ Nxf8 29. Qe7 Qf5 30. Qe4 Qf7 31. Qe7 Qf5 32. Re4 Re6 33. Rxe6 Nxe6 34. Qe8+ Nf8 35. Ne4 h6 36. f4 Kh7 37. Qe5 Qg4 38. Nf2 Qd7 39. Kg2 Ne6 40. Ne4 Nc7 41. Nd6 Kh8 42. d5 Kg8 43. h3 Kh8 44. g4 Kg8 45. Kf3 Kh8 46. Ke4 Kg8 47. Nf5 Kh7 48. Ne7 Kh8 49. f5 Ne8 50. Ng6+ 1-0

[Event "Oberliga Ost-A 0708"]
[Site "Germany"]
[Date "2007.11.25"]
[Round "4.5"]
[White "Seibicke, Ralf"]
[Black "Jahn, Constanze"]
[Result "1-0"]
[WhiteElo "2143"]
[BlackElo "2188"]
[PlyCount "73"]
[EventDate "2007.09.23"]
[EventType "team-tourn"]
[EventRounds "11"]
[EventCountry "GER"]
[SourceTitle "EXT 2009"]
[Source "ChessBase"]
[SourceDate "2008.11.26"]
[SourceVersion "1"]
[SourceVersionDate "2008.11.26"]
[SourceQuality "1"]
[WhiteTeam "Magdeburg Rochade"]
[BlackTeam "Halle USV"]
[WhiteTeamCountry "GER"]
[BlackTeamCountry "GER"]

1. Nf3 Nf6 2. g3 b6 3. Bg2 Bb7 4. 0-0 e6 5. c4 Be7 6. d3 0-0 7. e4 d6 8. Nc3 c5 9. Ne1 e5 10. f4 exf4 11. gxf4 Nc6 12. Nc2 Rb8 13. Ne3 Re8 14. Bd2 a6 15. Rf3 Bc8 16. Rg3 b5 17. b3 bxc4 18. dxc4 Bf8 19. e5 dxe5 20. Bxc6 exf4 21. Bxe8 fxg3 22. Bc6 gxh2+ 23. Kh1 Nh5 24. Qxh5 Qxd2 25. Bd5 Be6 26. Bxe6 fxe6 27. Rf1 Qd7 28. Ne4 Qb7 29. Qf3 h6 30. Ng4 Kh8 31. Ne5 Kh7 32. Qg4 Be7 33. Qg6+ Kh8 34. Nf7+ Kg8 35. Nxh6+ Kh8 36. Nf7+ Kg8 37. Qxe6 1-0